| 000 | 00427nam a22001457a 4500 | ||
|---|---|---|---|
| 082 | _aT-1 | ||
| 100 |
_aMuhammad Jawed Khan Alpial _948364 |
||
| 245 |
_aA Laboratory Investigation Lime and Cement as Stabilizer for Clayey Soil _cMuhammad Jawed Khan Alpial |
||
| 260 |
_aRisalpur _bMCE |
||
| 300 | _c40cm | ||
| 526 |
_a0 _b0 _c0 _dT_1 |
||
| 650 |
_aThesis _934811 |
||
| 700 |
_aBrig Aftab Ahmed Saddiqui _948365 |
||
| 942 |
_2ddc _cBK |
||
| 999 |
_c551337 _d551337 |
||